000 00315 a2200157 4500
001 60297
020 _a8506009472
040 _cAnchieta - Pituba
100 _aCrosher, Judith
240 1 0 _aOs gregos
_lpor
245 1 0 _aOs gregos
300 _a60
362 0 _a1995
650 4 _aGrécia até 323
942 _cBK
999 _c60297
_d60297